[Event "18th Voronezh Master Open 2014"]
[Site "Voronezh RUS"]
[Date "2014.06.19"]
[Round "7.3"]
[White "Khalifman,A"]
[Black "Nosenko,A"]
[Result "1-0"]
[WhiteElo "2617"]
[BlackElo "2492"]

1.e4 Nf6 2.e5 Nd5 3.d4 d6 4.Nf3 Nc6 5.c4 Nb6 6.e6 fxe6 7.Be3 g6 8.h4 Bg7
9.h5 e5 10.d5 Nd4 11.Nxd4 exd4 12.Bxd4 e5 13.Be3 Qe7 14.Nc3 Bf5 15.g4 Bd7
16.Ne4 Qf8 17.Be2 gxh5 18.Rxh5 O-O-O 19.a4 Kb8 20.Qb3 Bc8 21.O-O-O Nd7 22.Rh4 Qg8
23.g5 Nf8 24.Bg4 Ng6 25.Bxc8 Rxc8 26.Rhh1 Bf8 27.a5 a6 28.f3 Qf7 29.Kb1 c5
30.Rdf1 Qc7 31.Qb6 Be7 32.Qxc7+ Kxc7 33.Rh3 Rcf8 34.Rfh1 Rf7 35.Kc2 Nf8 36.Kd3 Rg8
37.Ke2 Rgg7 38.b4 cxb4 39.Rb1 Ng6 40.Rxb4 Nf4+ 41.Bxf4 Rxf4 42.Rh1 Kc8 43.Rbb1 Bf8
44.Rh5 Be7 45.Rh6 Kb8 46.Rbh1 Rff7 47.R1h5 Kc8 48.Rxd6 Bxd6 49.Nxd6+ Kd7
50.Nxf7 Rxf7 51.c5 Kd8  1-0

[Event "18th Voronezh Master Open 2014"]
[Site "Voronezh RUS"]
[Date "2014.06.20"]
[Round "8.2"]
[White "Khalifman,A"]
[Black "Brodsky,M"]
[Result "1-0"]
[WhiteElo "2617"]
[BlackElo "2556"]

1.d4 Nf6 2.c4 e6 3.Nf3 Bb4+ 4.Nbd2 O-O 5.a3 Be7 6.e4 d6 7.Be2 Nbd7 8.Qc2 e5
9.Nb1 c6 10.Nc3 a6 11.O-O b5 12.Rd1 Qc7 13.Bg5 h6 14.Bh4 Bb7 15.Rac1 Rfe8
16.b4 exd4 17.Nxd4 Bf8 18.cxb5 cxb5 19.f3 Rac8 20.Qd2 Qb8 21.Bg3 Ne5 22.Nf5 Re6
23.Nd4 Ree8 24.Nf5 Re6 25.Bf1 Kh7 26.Ne3 g6 27.Ncd5 Nxd5 28.Nxd5 Bg7 29.Rxc8 Qxc8
30.Rc1 Qb8 31.Bf2 Re8 32.Bh4 Kh8 33.Bf6 Kh7 34.Bh4 Kh8 35.Bf6 Kh7 36.Bxg7 Kxg7
37.Nb6 Kg8 38.Qd4 Rd8 39.Be2 Nd7 40.Rd1 Bc6 41.Nxd7 Rxd7 42.Qf6 Qc7 43.Rc1 Qb6+
44.Kf1 Bb7 45.Rc3 Rd8 46.Bd1 Rd7 47.Bb3 Kf8 48.Be6  1-0